| 000 | 00535nam a22001817a 4500 | ||
|---|---|---|---|
| 003 | dpl | ||
| 005 | 20180709171319.0 | ||
| 008 | 180709b xxu||||| |||| 00| 0 eng d | ||
| 020 |
_a8120907302 _c175.00 |
||
| 035 | _aA-993195 | ||
| 040 |
_aDPL _bEN _c0 |
||
| 082 | _a920 | ||
| 100 | _aMurthi, R K | ||
| 245 |
_aChildren's encyclopedia of Nobel Leaureates/ _cby R K Murthi |
||
| 260 |
_aNew Delhi _bPitambar publishing Company Pvt Ltd. _c1999 |
||
| 300 |
_a52p;,xxivp; _bill; _c25cm(hb) |
||
| 942 |
_2ddc _cCH _h920 _mCHI |
||
| 999 |
_c153689 _d153689 |
||